000 00447nam a2200169Ia 4500
008 230711s9999||||xx |||||||||||||| ||und||
020 _a978-81-924-7337-6
041 _aENG
082 _a720
_bLA-W
100 _aLaureano.Pietro
245 0 _aWater Conservation Techniques in Traditional Human Settlements
250 _a1st Ed.
260 _c2018
_aGhaziabad
_bCopal Publishing Group
300 _a326p.
650 _aArchitecture
942 _cBK
999 _c6899
_d6899